Odgadnij youtubera po krótkiej informacji . - Statystyki

Ogólne statystyki
  • Ten quiz został rozwiązany 387 razy
  • Średni wynik to 8 z 15
Statystyki odpowiedzi
Informacja Odpowiedź % Poprawnych
Urodził się w Wielkiej Brytani . Jest założycielem "Team X " . Stuu
92%
Jeden z naczelnych dowcipnisiów polskiego YouTube. chłopak, dla którego wywoływanie śmiechu u swoich widzów to codzienność. Zdobył sympatię oglądających wieloma ciekawymi seriami, ale niewątpliwie najpopularniejszą jest “Poniedziałkowy ...” oraz "Ciumkaj Loczki" . Naruciak
91%
Póki co posiada on największą liczbę subskrybentów w Polsce . Blowek
83%
Urodzony 19.03.1996 . Jest jednym z współzałożycieli kanału "Mniej Więcej' . Mandzio
69%
Jest założycielem "Pompa Team" . Isamu
66%
Kiedyś nagrywał gry takie jak "Minecraft" , "Gta V" czy "Who's your Daddy". Aktualnie zajmuje się Rapem. Multi
62%
Jego sposób na sukces to nietuzinkowy humor oraz stały kontakt z fanami. W związku z tym utworzyli oni specjalną grupę , której nazwa nie jest przypadkowa. Wzięła się ona od powiedzenia “Hajs się musi zgadzać”. Gimper
54%
Mieszkał większość swojego życia w Hiszpanii .Słynie przede wszystkim z serii “Śmieszne rozmowy telefoniczne”. TheNitroZyniak
47%
Głównie jest znany z najbardziej popularnego polskiego filmu na youtube . Nagrywa on pranki . SA Wardega
45%
Nazywa się Paweł .Swoją przygodę z nagrywaniem rozpoczął we wrześniu 2013 roku, kiedy założył swój kanał. Od tamtej pory pojawiają się na nim bardzo zróżnicowane filmy. najbardziej rozpoznawalny jest ze swoich nietypowych „unboxingów”. THEUNBOXALL
44%
Urodzony w 1991 roku .Nagrywał on m.i.n: Heroes III , Gary's mod. Krótko mówiąc najmądrzejszy człowiek na youtube. Chyba wiadomo o kogo chodzi . Kolega Ignacy
42%
Znany fanom jako Masterczułek . Od niedawna zaczął nagrywać różne piosenki . Dezy
41%
Robi streamy na Twitchu głównie z gry Counter-Strike: Global Offensive. Posiada on legendarnego wąsa na twarzy . izak LIVE
33%
Głównie jest znany z serii Gary's Mod która liczy sobie grube kilka set odcinków . Bladii
22%
Ma na imię Adrian. Wystąpił on w oktagonie na fame mma . Głównie znany ze swoich zadymek na streamie . Medusa Official
19%
Nie znaleziono quizów pasujących do podanych kryteriów
Rozkład punktacji
Procent ludzi z każdym wynikiem
Percentyl według liczby udzielonych odpowiedzi
Twoja historia wyników
Nie rozwiązałeś tego quizu